| 000 | 02366cam a22004694i 4500 | ||
|---|---|---|---|
| 003 | PE-LiUPU | ||
| 005 | 20250731173339.0 | ||
| 008 | 150706s r 000 0 d | ||
| 020 | _a97808055428414 | ||
| 035 | _a(Sirsi) i9780805542841 | ||
| 040 |
_aPE-LiUPU _bspa _cPE-LiUPU _erda |
||
| 049 | _aPRUA | ||
| 082 | 0 | 4 |
_a220.07 _bE11 _221 |
| 100 | 1 |
_aEasley, Kendall H., _eautor. |
|
| 245 | 1 | 0 |
_aGuía Holman para entender la Biblia / _cKendell H. Easley. |
| 264 | 1 |
_aNasville, Tennessee : _bBroadman y Holman Publisher, _c2004. |
|
| 300 |
_a272 páginas : _bilustraciones ; _c23 centímetros |
||
| 336 |
_atext _2rdacontent |
||
| 337 |
_aunmediated _2rdamedia |
||
| 338 |
_avolume _2rdacarrier |
||
| 500 | _a"Un panorama claro y completo libro por libro" -- en cubierta. | ||
| 505 | 0 | _aGénesis -- Éxodo -Levítico -- Números -- Deuteronomio -- Josué -- Jueces -- Rut -- 1 Samuel -- 2 Samuel -- 1 Reyes -- 2 Reyes -- 1 Crónicas -- 2 Crónicas -- Esdras.-Nehemías -- Ester -- Job -Salmos -- Proverbios -- Eclesiastés -- Cantar de los cantares -- Isaías -- Jeremías -- Lamentaciones -- Ezequiel -- Daniel -- Oseas -- Joel -- Amós -- Abdías -- Jonás -- Miqueas -- Nahúm -- Habacuc -- Sofonías -- Hageo -- Zacarías -- Malaquías -- Mateo -- Marcos -- Lucas -- Juan -- Hechos -- Romanos -- 1 Corintios -- 2 Corintios -- Gálatas -- Efesios -- Filipenses -- Colosenses -- 1 Tesalonicenses -- 2 Tesalonicenses -- Timoteo -- 2 Timoteo -- Tito -- Filemón -- Hebreos -- Santiago -- 1 Pedro -- 2 Pedro -- 1 Juan -- 2 Juan -- 3 Juan -- Judas -- Apocalipsis. | |
| 526 | _aSEG42 | ||
| 526 | _aSEG41 | ||
| 526 | _aSEG40 | ||
| 526 | _aSEG39 | ||
| 526 | _aP94 | ||
| 526 | _aP87 | ||
| 526 | _aP86 | ||
| 526 | _aP85 | ||
| 526 | _aP77 | ||
| 526 | _aP76 | ||
| 526 | _aP35 | ||
| 541 | _g003-0004023; | ||
| 630 |
_aBiblia _xEstudio y enseñanza. |
||
| 910 |
_agl _bjv _cng _d20090908 |
||
| 942 |
_2ddc _cBOOK |
||
| 949 |
_a220.07 E11 _wDEWEY _c1 _i60255 _lCCODEBUL1 _mBUL _p10.00 _r0 _sY _tBOOK _u2015-7-6 _xTEOLOGIA _zUNKNOWN _0COMPRA _o.STAFF. Colección General |
||
| 994 |
_aC0 _bPEPRU |
||
| 596 | _a1 | ||
| 999 |
_a220.07 E11 _wDEWEY _c49713 _i60255 _d49713 _f2021-11-9 _g5 _lCCODEBUL1 _mBUL _p10.00 _q2 _r0 _sY _tBOOK _u2015-7-6 _xTEOLOGIA _zUNKNOWN _0COMPRA _o.STAFF. Colección General |
||
| 980 |
_81 _gALBERTO SANCHEZ Responsable de Automatización |
||